| 000 | 01041nam a2200313 i 4500 | ||
|---|---|---|---|
| 001 | 579 | ||
| 003 | KOSZ 005 | ||
| 005 | 20200424135038.0 | ||
| 008 | 040519s1976 pl a |001 0 pol | ||
| 015 | _aPB 1976/7402 | ||
| 035 | _a(OCoLC)830609934 | ||
| 040 |
_aWA N _cWA N _dKOSZ 005/EG |
||
| 041 | 0 | _apol | |
| 046 | _k1976 | ||
| 080 | _a532 | ||
| 080 | _a(075.8) | ||
| 100 | 1 |
_aWyszkowski, Klemens. _eAutor |
|
| 245 | 1 | 0 |
_aMechanika cieczy i gazów : _bdla studiów inżynierskich Inżynierii Środowiska. _nCz. 1 / _cKlemens Wyszkowski. |
| 260 |
_aWarszawa : _bWydawnictwa Politechniki Warszawskiej, _c1976. |
||
| 300 |
_a268 s. : _bil. ; _c25 cm. |
||
| 380 | _aKsiążki. | ||
| 504 | _aBibliogr. Indeks. | ||
| 658 | _aFizyka i astronomia | ||
| 655 | 4 | _aPodręczniki akademickie | |
| 650 | 4 | _aMechanika płynów | |
| 710 | 2 |
_aWydawnictwa Politechniki Warszawskiej _4pbl. |
|
| 856 |
_uhttp://koha.tu.koszalin.pl/cgi-bin/koha/opac-detail.pl?biblionumber=579 _yKatalog online BPK |
||
| 942 |
_2UKD _cKS |
||
| 999 |
_c579 _d579 |
||